zpět

Detail výsledku týmu

Koruna, Břeclav

Datum a čas kvízu

28 Celkem bodů Celkový počet nahraných bodů na tomto kvízu bez doplňovacích otázek.
10. Pořadí na kvízu Konečné umístění týmu na tomto kvízu.

Zaznamenané odpovědi

# Otázka Odpověď Body Výsledky
1. Nejvyšší správní soud minulý t... Děti Země 0
2. Američan Lorenzo Prendini, kap... A 0
3. Minulý týden začal režisér Tom... Tři princezny 1
4. V ženevské pobočce aukční síně... Michael Schumacher 1
5. Dvacetiletý atlet Tomáš Habart... D) na 3 000 m překážek 0
6. Bájného českého knížete Kroka,... Krakov 1
7. K Janu Žižkovi se váže jistá p... C 1
8. Před kněžnou Libuší stanuli dv... A 1
9. O hřbitovním kostele sv. Maří... Svatební košile 1
10. Pokud dokážete určit, co tento... Stadice 0